Los cuidados en la agenda de investigación y en las políticas públicas en Uruguay /
Furkejuvvon:
| Váldodahkki: | |
|---|---|
| Eará dahkkit: | , , |
| Materiálatiipa: | Texto |
| Fáddágilkorat: |
Lasit fáddágilkoriid
Eai fáddágilkorat, Lasit vuosttaš fáddágilkora!
|
MARC
| LEADER | 00000 a a2200000 04500 | ||
|---|---|---|---|
| 001 | 47685 | ||
| 003 | |||
| 040 | |||
| 100 | |a Aguirre, Rosario | ||
| 245 | |a Los cuidados en la agenda de investigación y en las políticas públicas en Uruguay / |c Rosario Aguirre, Karina Batthyány, Natalia Genta, Valentina Perrotta | ||
| 700 | |a Batthyány, Karina | ||
| 700 | |a Genta, Natalia | ||
| 700 | |a Perrotta, Valentina | ||
| 773 | |g volumen19, número50, (2014), páginas 43-60 | ||
| 999 | |c 39172 |d 39172 | ||
